Vplyv kvót na celkovú užitočnosť v malom a veľkom štáte - neoklasický grafický model

Dôsledky dovozných a vývozných kvót na celkovú užitočnosť krajiny na báze štandardného neoklasického grafického modelu medzinárodného obchodu. Dôsledky pre malú aj veľkú krajinu.

Gespeichert in:
Bibliographische Detailangaben
1. Verfasser: Grančay, Martin, 1984-2024
Format: Buchkapitel
Sprache:Slowakisch
Schlagworte:
Tags: Tag hinzufügen
Keine Tags, Fügen Sie das erste Tag hinzu!

MARC

LEADER 00000naa a2200000 4500
001 0176011
005 20240502073013.4
041 0 |a slo 
044 |a SK 
245 1 0 |a Vplyv kvót na celkovú užitočnosť v malom a veľkom štáte - neoklasický grafický model  |c Martin Grančay 
520 |a Dôsledky dovozných a vývozných kvót na celkovú užitočnosť krajiny na báze štandardného neoklasického grafického modelu medzinárodného obchodu. Dôsledky pre malú aj veľkú krajinu. 
610 2 0 |a kvóty 
610 2 0 |a obchod medzinárodný 
610 2 0 |a protekcionizmus 
610 2 0 |a užitočnosť výrobkov 
610 2 0 |a ponuka 
610 2 0 |a dopyt 
100 1 |a Grančay, Martin, 1984-2024